000 01460nam a2200349 a 4500
999 _c141959
_d141959
003 BLK
005 20250326162655.0
008 180409b bul|||||r ||||||| ||bul||
010 _aKNG00148035000
040 _aBLK
041 _aBUL
_cBUL
080 _aБългарска литература
_b821.163.2
_x-93-34
_z821.163.2-93-34
100 1 _aПопов, Сава Йорданов
_eпърви автор
_9266931
139 _aПопов, Сава Йорданов
_bП 76
245 1 0 _aХитър Петър
_bПриказки
_cСава Йорданов Попов; худож. Илия Бешков.
250 _a4. изд.
257 _aBGR
260 _aСофия
_bОтечество
_c1982
300 _a127 с.
_bс ил.
_c22 см
380 _aDX
500 _aПълното име на худож. е Илия Бешков Дунов. - 1. изд. 1958. - 100 115 тир.
653 _aдетска литература
653 _aлитература за деца
700 _aБешков, Илия
_gХудожник, карикатурист, илюстратор
_d1901-1958
_qДунов, Илия Бешков
_9364385
852 _aЦб 262184
856 4 _qpdf
_i0.58
_ldisable
856 4 _qpdf
_i0.58
_ldisable
942 _cKNG
_n0
_08
_s1
944 _aCR
_c01.08.2013
_lАнна Гръцманова
_k30564
944 _aED
_c15.09.2017
_l01.08.2013 - от С1,Р / 01.08.2013
_kМилена_Ачева
999 _d141959